<?xml version="1.0" encoding="UTF-8"?>
<record
    xmlns:xsi="http://www.w3.org/2001/XMLSchema-instance"
    xsi:schemaLocation="http://www.loc.gov/MARC21/slim http://www.loc.gov/standards/marcxml/schema/MARC21slim.xsd"
    xmlns="http://www.loc.gov/MARC21/slim">

  <leader>02030nam a2200145   4500</leader>
  <controlfield tag="008">708 C317d</controlfield>
  <datafield tag="020" ind1=" " ind2=" ">
    <subfield code="a">9786079760564</subfield>
  </datafield>
  <datafield tag="082" ind1=" " ind2=" ">
    <subfield code="a">708</subfield>
    <subfield code="b">C317d</subfield>
  </datafield>
  <datafield tag="100" ind1=" " ind2=" ">
    <subfield code="a">Ar&#xE9;chiga Mantilla, Sol et al. </subfield>
    <subfield code="9">7140</subfield>
  </datafield>
  <datafield tag="245" ind1=" " ind2=" ">
    <subfield code="a">Archivos fuera de lugar:</subfield>
    <subfield code="b">Desbordes discursivos, expositivos y autorales del documento</subfield>
  </datafield>
  <datafield tag="260" ind1=" " ind2=" ">
    <subfield code="a">M&#xE9;xico</subfield>
    <subfield code="b">Taller de Ediciones Econ&#xF3;micas</subfield>
    <subfield code="c">2019</subfield>
  </datafield>
  <datafield tag="300" ind1=" " ind2=" ">
    <subfield code="a">205 p.</subfield>
    <subfield code="b">il. </subfield>
    <subfield code="c">21 x 14 cm</subfield>
  </datafield>
  <datafield tag="505" ind1=" " ind2=" ">
    <subfield code="t">Introducci&#xF3;n</subfield>
    <subfield code="r">Sol Henaro y Sof&#xED;a Carrillo Herrer&#xED;as</subfield>
    <subfield code="t">El archivo: memoria y olvido en los procesos de inscripci&#xF3;n, represi&#xF3;n y supresi&#xF3;n</subfield>
    <subfield code="r">Ricardo Nerva </subfield>
    <subfield code="t">Documentar el presente. Desbordes del arte contempor&#xE1;neo</subfield>
    <subfield code="t">Archivos digitales </subfield>
    <subfield code="r">Diana Taylor </subfield>
    <subfield code="t">We Are What  Archive</subfield>
    <subfield code="r">Amy Roberts y Louise Barry, voluntarias en Interference Archive </subfield>
    <subfield code="t">Archivo, memoria e historia oral. Experiencias under de los ochenta</subfield>
    <subfield code="r">Daniela Lucena y Gisela Laboureau</subfield>
    <subfield code="t">Gr&#xE1;fica y movilizaci&#xF3;n estudiantil en Chile. Las luchas del presente, las tareas del archivo</subfield>
    <subfield code="r">Javiera Manzi</subfield>
    <subfield code="t">Contra el extractivismo de archivo: la experiencia del Anarchivo sida</subfield>
    <subfield code="r">Aimar Arriola (con aportaciones de Nancy Gar&#xED;n y Linda Vald&#xE9;s)</subfield>
    <subfield code="t">Desplegar / emplazar / espacializar</subfield>
    <subfield code="t">La carcajada de Borges. Contextualizaci&#xF3;n, descontextualizaci&#xF3;n y documentaci&#xF3;n de artistas en los archivos</subfield>
    <subfield code="r">Marvin J. Taylor</subfield>
    <subfield code="t">Reflexiones sobre el proyecto Arte vs Vida: Actions by Artists of the Americas, 1960-2000</subfield>
    <subfield code="r">Deborah Cullen </subfield>
    <subfield code="t">Los archivos salen del cl&#xF3;set. De la memoria individual a la activaci&#xF3;n de la memoria colectiva </subfield>
    <subfield code="r">Alejandro Garc&#xED;a Aguinaco</subfield>
    <subfield code="t">La forma simb&#xF3;lica del archivo</subfield>
    <subfield code="r">Voluspa Jarpa </subfield>
    <subfield code="t">La vida de los otros. Museos paralelos y nuevas formas institucionales</subfield>
    <subfield code="r">Paz Sastre</subfield>
    <subfield code="t">(i)legalidades del documento</subfield>
    <subfield code="t">Archivos y derechos humanos </subfield>
    <subfield code="r">Ram&#xF3;n Aguilera</subfield>
    <subfield code="t">Derechos de autor de los archivos documentales </subfield>
    <subfield code="r">Angelina Cu&#xE9; </subfield>
    <subfield code="t">De los afectos y los vac&#xED;os</subfield>
    <subfield code="r">Antonio Ju&#xE1;rez</subfield>
    <subfield code="t">Colaboradores</subfield>
    <subfield code="t">Agradecimientos</subfield>
  </datafield>
  <datafield tag="650" ind1=" " ind2=" ">
    <subfield code="x">archivos - arte</subfield>
    <subfield code="x">arte - latinoamerica</subfield>
    <subfield code="x">archivos - arte contempor&#xE1;neo</subfield>
    <subfield code="x">archivos digitales</subfield>
    <subfield code="x">archivos - artistas - documentaci&#xF3;n</subfield>
    <subfield code="x">archivos - derechos</subfield>
    <subfield code="9">7141</subfield>
  </datafield>
  <datafield tag="999" ind1=" " ind2=" ">
    <subfield code="c">1831</subfield>
    <subfield code="d">1831</subfield>
  </datafield>
  <datafield tag="952" ind1=" " ind2=" ">
    <subfield code="0">0</subfield>
    <subfield code="1">0</subfield>
    <subfield code="2">ddc</subfield>
    <subfield code="4">0</subfield>
    <subfield code="7">0</subfield>
    <subfield code="a">LV</subfield>
    <subfield code="b">LV</subfield>
    <subfield code="c">Pensamiento</subfield>
    <subfield code="d">2019-08-17</subfield>
    <subfield code="l">0</subfield>
    <subfield code="o">708 C317d</subfield>
    <subfield code="p">004820</subfield>
    <subfield code="r">2019-08-17 00:00:00</subfield>
    <subfield code="w">2019-08-17</subfield>
    <subfield code="y">01</subfield>
  </datafield>
</record>
